000 00624nam a2200241Ia 4500
003 OSt
005 20221006160941.0
006 a|||||r|||| 00| 0
007 ta
008 221006b |||||||| |||| 00| 0 eng d
024 _a46,927
037 _cTextual
040 _aEASL
_cEASL
_beng
041 _2eng
_aeng
082 _aY.41.N49, J0
100 _aBodde Derk
_962355
245 0 _aPeking Diary a year of revolution
260 _aNew York
_bHENRY SCHUMAN, INC. USA
_c1950
300 _a292p.
_ccm.
490 _v CEL
942 _hY.41.N49, J0
_cTEXL
_2CC
999 _c1115016
_d1115016